Statistiques concernant Géographie du Mexique.

Cliquez ici pour prendre le quiz!

Statistiques générales

  • Ce quiz a été pris 227 fois
  • Le résultat moyen est 9 sur 17

Statistiques - réponses

QuestionsRéponses% Correct
Avec quel pays le Mexique partage-t-il sa plus grande frontière?États-Unis
99%
Quelle est la capitale du Mexique?Mexico
98%
Quel océan borde le Mexique?Océan {Pacifique}
94%
Avec quel pays le Mexique a-t-il sa plus petite frontière?Belize
86%
Golfe du {Mexique}
84%
Quels sont les deux plus grands fleuves du Mexique?Río {Bravo del Norte}
83%
Mer des {Caraïbes}
82%
Quelle est la deuxième ville la plus peuplée du Mexique (Avec agglomération)?Guadalajara
68%
De combien d'état est composé le Mexique?31
64%
Quel est le plus grand état mexicain?Chihuahua
47%
Quels mers?Golfe de {Californie}
33%
Quelle ville fut rebaptisé en l'honneur d'un résistant à l'occupation française?Ciudad Juárez
15%
Quel est le point culminant du Mexique?Pic d'{Orizaba}
14%
Quel est le plus grand lac du Mexique?Lac de {Chapala}
8%
Quelles sont les deux principales chaînes de montagnes mexicaines?Sierra {Madre occidentale}
7%
Sierra {Madre orientale}
7%
Rio {Panuco}
3%

Distribution des résultats

Percentile par nombre de réponses

% des personnes avec chaque résultat

Votre développement - résultats

Vous n’avez pas pris ce quiz